Normal view
MARC view
- Inostroza de Celis, Gloria
Entry Nombre Personal
001 - NUMERO DE CONTROL
- campo de control: 42671
003 - IDENTIFICADOR DE NUMERO DE CONTROL
- campo de control: UPN
005 - FECHA Y HORA DE LA ÜLTIMA TRANSACCIÓN
- campo de control: 20210219194622.0
008 - DATOS DE LONGITUD FIJA
- campo de control de longitud fija: nabaccnnaabn|||||||||| b |nc|||||d
035 ## - NUMERO DE CONTROL
- Número de control: UPN11000014778
040 ## - FUENTE DE CATALOGACIÓN
- Lenguaje de catalogación: SPA
- Agencia de transcripción: UPN
100 1# - ENCABEZAMIENTO - NOMBRE PERSONAL
- Nombre personal: Inostroza de Celis, Gloria
670 ## - FUENTE EN LA QUE SE LOCALIZARON DATOS
- Cita de la fuente: T
- Uniform Resource Identifier: http://bibliotecadigital.magisterio.co/libro/la-evaluaci-n-aut-ntica
680 ## - NOTA PUBLICA DE ACCESO PÚBLICO
- Frase explicativa de la referencia: Doctora en Educación (University of Wales). Cuenta con una amplia experiencia en formación docente y en programas de innovación en el mejoramiento de la calidad de la educación.
902 ## - CATALOGADOR
- Catalogador: EMR/310219
